000 00494nam a22001932 4500
001 0000004408
005 20170406115813.0
008 140916s xx 000 0 eng d
020 _c$
040 _aYour Holding Symbol
_cYour Holding Symbol
100 1 _aDICKENS,CHARLES.
245 1 0 _aBleak house.
250 _a ed.
260 _aNew york :
_bThe crowell,
_c1971.
300 _a1080 p. ;
_c cm.
504 _abibliography.
650 0 _afiction.
908 _a140916
999 _c4238
_d4238